Kalidasa/ (Record no. 195056)

MARC details
000 -LEADER
fixed length control field 00581nam a22001937a 4500
005 - DATE AND TIME OF LATEST TRANSACTION
control field 20230213120401.0
010 ## - LCCN (DPL NO)
LC control number ENG-136199
020 ## - INTERNATIONAL STANDARD BOOK NUMBER
International Standard Book Number 9788123761275
Terms of availability 260.00
035 ## - SYSTEM CONTROL NUMBER
System control number EN-119731
037 ## - SOURCE OF ACQUISITION
Source of stock number/acquisition DBAD/PUB
082 ## - DEWEY DECIMAL CLASSIFICATION NUMBER
Classification number N
100 ## - MAIN ENTRY--PERSONAL NAME
Personal name Shastri, Acharya Jankivallabh
245 ## - TITLE STATEMENT
Title Kalidasa/
Statement of responsibility, etc Acharya Jankivallabh Shastri and Translated by Abram
260 ## - PUBLICATION, DISTRIBUTION, ETC. (IMPRINT)
Place of publication, distribution, etc New Delhi
Name of publisher, distributor, etc National Book Trust
Date of publication, distribution, etc 2011
270 ## - ADDRESS
Address Nehru Bhawan, 5 Institutional Area, Phase-II Vasant Kunj
City New Delhi
Postal code 110070
300 ## - PHYSICAL DESCRIPTION
Extent 382p.
Dimensions 24cm(pbk)
700 ## - ADDED ENTRY--PERSONAL NAME
Personal name Abram
942 ## - ADDED ENTRY ELEMENTS (KOHA)
Source of classification or shelving scheme Dewey Decimal Classification
Item type English Books
Classification part N
Call number suffix SHA
Holdings
Withdrawn status Lost status Not for loan Collection code Home library Current library Date acquired Source of acquisition Cost, normal purchase price Full call number Barcode Copy number Cost, replacement price Koha item type
      Fiction Central Jail Tihar Central Jail Tihar 13/02/2023 DBAD/PUB 260.00 N SHA EN-119731 1 260.00 English Books

© Delhi Public Library
Hit Counter
free hit counter